<?xml version="1.0" encoding="UTF-8"?>
<marc:record xmlns:marc="http://www.loc.gov/MARC21/slim">
   <marc:leader>00000nam a2200000 a 4500</marc:leader>
   <marc:datafield ind1="1" ind2=" " tag="100">
      <marc:subfield code="a">Schmidt, Kathrin</marc:subfield>
      <marc:subfield code="4">aut</marc:subfield>
      <marc:subfield code="e">Verfasser/-in</marc:subfield>
   </marc:datafield>
   <marc:datafield ind1=" " ind2=" " tag="653">
      <marc:subfield code="a">Deutschland / Erzählungen</marc:subfield>
   </marc:datafield>
   <marc:datafield ind1="0" ind2="0" tag="245">
      <marc:subfield code="a">Finito. Schwamm drüber.</marc:subfield>
   </marc:datafield>
   <marc:datafield ind1="0" ind2="0" tag="245">
      <marc:subfield code="b">Erzählungen</marc:subfield>
   </marc:datafield>
   <marc:datafield ind1="0" ind2="0" tag="245">
      <marc:subfield code="c">Schmidt, Kathrin</marc:subfield>
   </marc:datafield>
   <marc:datafield ind1=" " ind2="1" tag="264">
      <marc:subfield code="c">2011</marc:subfield>
   </marc:datafield>
   <marc:datafield ind1=" " ind2=" " tag="250">
      <marc:subfield code="a">1.</marc:subfield>
   </marc:datafield>
   <marc:datafield ind1="1" ind2=" " tag="520">
      <marc:subfield code="a">Eine Meisterin des Erzählens in jeder Form.&#xD;
Mit  Du stirbst nicht , ihrem ausgezeichneten Roman über die Rückkehr ins Leben nach einer Hirnblutung, hat sich Kathrin Schmidt ein großes Lesepublikum erobert. Mit dem darauf folgenden Gedichtband  Blinde Bienen  hat sie die literarische Kritik begeistert, und nun folgt ein spätes Debüt:  Finito. Schwamm drüber.  ist ihr erster Band mit Erzählungen.&#xD;
Und auch diese sind von besonderer Qualität und einer beeindruckenden Vielfalt, sowohl im Ton als auch in den Themen und Perspektiven. Sie spannen den Bogen von der Zeit des geteilten Deutschlands bis in die Gegenwart, führen in Familien und Singlehaushalte, zeigen starke Frauen in schwachen Momenten und Männer, die nie so stark geworden sind, wie sie sich immer empfanden. &#xD;
Dabei beweist Kathrin Schmidt, wie groß das Repertoire ihrer erzählerischen Mittel ist und wie nah sie damit ihren Figuren kommen kann. Aus der Epikerin, die mit bildmächtiger Sprache und oft langen, kunstvoll gebauten Satzgefügen den Leser mitreißt, ist eine Meisterin der Verknappung geworden. Der Leser findet sich sofort in einer Szene, einer Stimmung, einem Konflikt - und geht mit.&#xD;
Titel wie  Laubers Lachen ,  Der Kirschgott  oder  Frau Ypsi und Herr Lon  zeigen, dass eines in jedem Fall nicht zu kurz kommt: der Humor. &#xD;
- Das neue Buch der Trägerin des Deutschen Buchpreises 2009</marc:subfield>
   </marc:datafield>
   <marc:datafield ind1=" " ind2=" " tag="020">
      <marc:subfield code="a">9783462043174</marc:subfield>
      <marc:subfield code="9">9783462043174</marc:subfield>
   </marc:datafield>
   <marc:datafield ind1=" " ind2=" " tag="020">
      <marc:subfield code="a">346204317X</marc:subfield>
      <marc:subfield code="9">346204317X</marc:subfield>
   </marc:datafield>
   <marc:datafield ind1=" " ind2=" " tag="041">
      <marc:subfield code="a">ger</marc:subfield>
   </marc:datafield>
   <marc:datafield ind1=" " ind2=" " tag="338">
      <marc:subfield code="a">Band</marc:subfield>
   </marc:datafield>
   <marc:datafield ind1=" " ind2=" " tag="300">
      <marc:subfield code="a">238 S.</marc:subfield>
   </marc:datafield>
</marc:record>
